[Event "Krynica op-A"]
[Site "Krynica"]
[Date "1998.??.??"]
[Round "?"]
[White "Sebastianiuk, Cezary"]
[Black "Kurek, Jerzy"]
[Result "1-0"]
[WhiteElo "2095"]
[BlackElo "2165"]
[PlyCount "99"]
[EventDate "1998.??.??"]
[EventType "swiss"]
[EventRounds "11"]
[EventCountry "POL"]
[SourceTitle "EXT 2002"]
[Source "ChessBase"]
[SourceDate "2001.11.25"]
[SourceVersion "1"]
[SourceVersionDate "2001.11.25"]
[SourceQuality "1"]

1. e4 e5 2. Nf3 Nc6 3. Bb5 a6 4. Ba4 Nf6 5. 0-0 Bc5 6. c3 b5 7. Bb3 d6 8. d4 exd4 9. cxd4 Bb6 10. Nc3 Bg4 11. Be3 0-0 12. a4 b4 13. Nd5 Na5 14. Bc2 Nxd5 15. exd5 f5 16. h3 Bh5 17. g4 fxg4 18. Ng5 Qf6 19. Bxh7+ Kh8 20. Bb1 c5 21. dxc6 Rae8 22. Qd3 g6 23. hxg4 Bxg4 24. Qxg6 Re7 25. Qxf6+ Rxf6 26. Kg2 Nxc6 27. Rh1+ Kg7 28. Rh7+ Kf8 29. Rh8+ Kg7 30. Rh7+ Kf8 31. Rh4 Bf5 32. Rf4 Rg7 33. Rxf5 Rxf5 34. Bxf5 Nxd4 35. f4 Ke7 36. Bxd4 Bxd4 37. Rb1 a5 38. Kf3 Rg8 39. Re1+ Kf6 40. Kg4 Bxb2 41. Re6+ Kg7 42. Rg6+ Kf8 43. Rxg8+ Kxg8 44. Be6+ Kf8 45. Kf5 Ke7 46. Bd5 Kd7 47. Ne4 Kc7 48. Ke6 Bh8 49. f5 Bg7 50. Nxd6 1-0

[Event "Augustow op-B"]
[Site "Augustow"]
[Date "1996.??.??"]
[Round "?"]
[White "Plesiuk, Jan"]
[Black "Kurek, Jerzy"]
[Result "0-1"]
[WhiteElo "2095"]
[BlackElo "2145"]
[PlyCount "79"]
[EventDate "1996.??.??"]
[EventType "swiss"]
[EventRounds "9"]
[EventCountry "POL"]
[SourceTitle "EXT 2003"]
[Source "ChessBase"]
[SourceDate "2002.11.25"]
[SourceVersion "1"]
[SourceVersionDate "2002.11.25"]
[SourceQuality "1"]

1. d4 d5 2. c4 Nc6 3. Nf3 Bg4 4. Bf4 Bxf3 5. gxf3 Nf6 6. e3 e6 7. Nc3 a6 8. Qb3 Rb8 9. cxd5 Nxd5 10. Be2 Be7 11. Rc1 0-0 12. Bd3 f5 13. Nxd5 exd5 14. Be5 Nxe5 15. dxe5 c5 16. Qc2 Qd7 17. f4 b5 18. b3 d4 19. Rd1 Kh8 20. h4 Rbc8 21. Bf1 Qb7 22. Rh3 Qb6 23. h5 Rcd8 24. Bd3 Qe6 25. Qe2 Rc8 26. Bc2 Rfd8 27. e4 c4 28. exf5 Qh6 29. Qg4 d3 30. Bxd3 cxd3 31. Rhxd3 Rxd3 32. Rxd3 Rc1+ 33. Ke2 Qc6 34. Qf3 Qc2+ 35. Rd2 Qxf5 36. h6 gxh6 37. Qb7 Qxf4 38. Qa8+ Bf8 39. Rd8 Rc2+ 40. Kd3 0-1

[Event "Augustow op-B"]
[Site "Augustow"]
[Date "1996.??.??"]
[Round "?"]
[White "Zakonnik, Andrzej"]
[Black "Kurek, Jerzy"]
[Result "1-0"]
[WhiteElo "2065"]
[BlackElo "2145"]
[PlyCount "115"]
[EventDate "1996.??.??"]
[EventType "swiss"]
[EventRounds "9"]
[EventCountry "POL"]
[SourceTitle "EXT 2003"]
[Source "ChessBase"]
[SourceDate "2002.11.25"]
[SourceVersion "1"]
[SourceVersionDate "2002.11.25"]
[SourceQuality "1"]

1. e4 e6 2. d4 d5 3. Nd2 Nc6 4. c3 e5 5. Bb5 exd4 6. cxd4 dxe4 7. Nxe4 Qd5 8. Qe2 Bb4+ 9. Nc3+ Nge7 10. Nf3 Bg4 11. 0-0 Bxf3 12. Bxc6+ Qxc6 13. Qxf3 Qxf3 14. gxf3 0-0-0 15. Be3 Nf5 16. Rfd1 Rhe8 17. Rd3 c5 18. Rc1 Nxe3 19. fxe3 Kb8 20. Ne2 cxd4 21. Nxd4 Ba5 22. Kf2 Bb6 23. Rcd1 Rc8 24. R1d2 Re5 25. f4 Re4 26. Kf3 Rce8 27. b4 Bxd4 28. exd4 Kc7 29. a3 Kd6 30. Rc2 b6 31. d5 b5 32. Rc6+ Kd7 33. Rc5 a6 34. Rc6 Rc4 35. Rxa6 Ree4 36. Ra7+ Ke8 37. Re3 Rxe3+ 38. Kxe3 Rc2 39. d6 Rxh2 40. Re7+ Kf8 41. Rb7 Ke8 42. Ke4 Re2+ 43. Kd5 h5 44. Rxb5 h4 45. Kc6 Rc2+ 46. Rc5 Rd2 47. Kc7 f6 48. Rc3 g5 49. fxg5 fxg5 50. Rc5 h3 51. Re5+ Kf7 52. Rxg5 Rc2+ 53. Kd8 Rc3 54. Rh5 Rxa3 55. d7 Rb3 56. b5 h2 57. Rxh2 Rxb5 58. Kc7 1-0